000 00750nas a2200253 4500
001 BR8502722
003 BR-BrBNA
005 20231205090209.0
007 ta
008 230509b bl.|||p| |||| 00| 00por d
040 _aBR-BrBNA
_bpor
_cBiblioteca Nacional de Agricultura
041 _a(Pt)
072 _aF01; L02
100 1 _aAnon.
245 1 _aO esterco e a base de uma boa capineira
650 _aCAPINEIRA
650 _aPASTAGEM
650 _aESTERCO
650 _aNUTRICAO ANIMAL
650 _aMINAS GERAIS
773 0 _tInforme Agropecuario - Empresa de Pesquisa Agropecuaria de Minas Gerais (Brazil)
_xISSN 0100-3364
_g(Dec 1985), v. 11(132) p. 85
_wBR8502722
909 _a202311
_bLúcia
_c55
_dLúcia Elande
942 _2AGRIS
_n0
_cANA
999 _c116725
_d116725